000 00648nam a2200229 a 4500
001 0001-1957
003 ELIB.Books
008 190121 2010 eng
020 _aKBTS
092 _a268 Mar
_bMar
100 _aMarcum, Walt.
245 _aDeepening Youth Spirituality
_bThe Youth Worker's Guide
250 _aRevised and Expanded Edition
260 _aNashville
_bAbingdon Press
_c2001
300 _a160
_c20.6 cm
650 _aChristian Education - Youth
856 _nKBTS Library
_uKBTS Elib
942 _2ddc
_cBK
990 _a2
998 _aEnglishbooks.elf
_ccat
_e2019-01-21
_mcat
_u2019-01-21
999 _c11957
_d11957